000 00468nam a2200181Ia 4500
001 20303
005 20260306172756.0
008 260306t2006||||xx |||||||||||||| ||spa||
041 _aESP
082 _a343.1
_bR91
100 _aRubio Correa, Marcial
_eAUT
245 0 _aLa interpretación de la Constitución según el Tribunal Constitucional
260 _c2006
300 _a455 páginas :
_ccm.
650 _aGEN
654 _aCDE
942 _cLIB
_dJUS
_fJUS
_2ddc
_n
999 _c20303
_d20303